Before and After: Literature and Film II Quiz Stats

 Plays Quiz Updated Jul 17, 2017

Challenge
Share
Tweet
Embed
Score 0/22 Timer 10:00
0 Plays Today
Before % Correct
2000 film starring Cameron Diaz, Drew Barrymore and Lucy LiuCharlie's Angels and Demons
82.8%
1971 sci-fi film starring Charlton Heston (it is people!)Soylent Green Eggs and Ham
68.6%
1962 Bond film starring Sean ConneryDr. No Country for Old Men
65.3%
1971 film starring Clint Eastwood in an iconic roleDirty Harry Potter and the Sorcerer's Stone
62.3%
1966 non-fiction book by Hunter S. Thompson about a motorcycle clubHell's Angels in the Outfield
61.5%
1851 novel by Herman Melville, his most famousMoby Dick Tracy
60.9%
1957 novel by Jack KerouacOn the Road House
55.1%
1989 baseball movie starring Tom Berenger and Charlie SheenMajor League of Extraordinary Gentlemen
39.8%
1966 non-fiction book by Truman CapoteIn Cold Blood Simple
39.2%
1993 movie starring Denzel Washington and Julia RobertsThe Pelican Brief History of Time
38.1%
2009 Spike Jonze film based on a children's bookWhere the Wild Things Are You My Mother
34.1%
Before % Correct
1937 John Steinbeck novel about two menOf Mice and Men at Work
31.1%
2001 baseball movie starring Jessica Biel and Freddie Prinze Jr.Summer Catch-22
28.4%
1996 movie starring Geena Davis and Samuel L. JacksonThe Long Kiss Goodnight Moon
21.5%
1956 play by Eugene O'Neill dealing with addictionLong Day's Journey into Night at the Museum
17.9%
2010 film starring Zac Efron about a dead brotherCharlie St. Cloud Atlas
9.7%
2002 mystery film starring Mark Wahlberg and Thandie NewtonThe Truth About Charlie and the Chocolate Factory
9.7%
1998 fiction novel by Hunter S. ThompsonThe Rum Diary of a Mad Black Woman
6%
1972 children's novel by Judy BlumeTales of a Fourth Grade Nothing to Lose
5.2%
2002 best-selling Christian devotional book written by Rick WarrenThe Purpose Driven Life Aquatic with Steve Zissou
4.6%
1992 comedy starring John Candy and James BelushiOnce Upon a Crime and Punishment
2.6%
1882 play by Henrik Ibsen written in defense of another of his playsAn Enemy of the People Under the Stairs
1.2%

You're not logged in!

Compare scores with friends on all Sporcle quizzes.
OR
Log In

You Might Also Like...

Show Comments

Extras

Top Quizzes Today


Score Distribution

Your Account Isn't Verified!

In order to create a playlist on Sporcle, you need to verify the email address you used during registration. Go to your Sporcle Settings to finish the process.

Report this User

Report this user for behavior that violates our Community Guidelines.

Details: